000
00375nam a2200109Ia 4500
008
090122s9999 xx 000 0 und d
082
_b
7664
_a
808.899282
245
_a
बिरबल आणि बादशाह भाग
630
_a
बिरबल आणि बादशाह भाग
730
_a
बिरबल आणि बादशाह भाग
942
_c
BOOK
999
_c
31741
_d
31741